| 000 | 00786nam a2200229 i 4500 | ||
|---|---|---|---|
| 001 | 6720 | ||
| 003 | ES-MaACL | ||
| 005 | 20230906145050.0 | ||
| 007 | t| | ||
| 008 | 900301s1989 sp ||||1| spa d | ||
| 020 | _a84-86752-11-6 | ||
| 080 | _a014.3:05(467.52)Revista de Menorca | ||
| 080 | _a05(467.5):014.3 | ||
| 100 | 1 |
_aCanut, Maria Luisa. _934704 |
|
| 245 | 1 | 0 |
_aAnatomia de una cultura _b: cien años de la Revista de Menorca (1888-1988) / _cMaria Luisa Canut, Jose Luis Amoros ; proleg de Gabriel Julia Segui. |
| 260 |
_aMahon : _bInstitut Menorqui d'Estudis, _c1989. |
||
| 300 |
_a381 p. ; _c24 cm. |
||
| 500 | _aIndices. | ||
| 630 | 0 | 7 |
_aRevista de Menorca- _vIndices. _9124314 |
| 700 | 1 |
_aAmorós, José Luis. _921315 |
|
| 852 |
_aES-MaACL _jL-13883 _bR.117538 _z. - rust. |
||
| 999 |
_c6720 _d6720 |
||